Dios revelado por Cristo / (Record no. 145829)

MARC details
000 -LEADER
campo de control de longitud fija 00778nam a2200229 i 4500
001 - NÚMERO DE CONTROL
campo de control 145829
003 - IDENTIFICADOR DE NÚMERO DE CONTROL
campo de control ES-MaACL
005 - FECHA Y HORA DE LA ÚLTIMA TRANSACCIÓN
campo de control 20250807235854.0
007 - CAMPO FIJO DE DESCRIPCIÓN FÍSICA--INFORMACIÓN GENERAL
campo de control de longitud fija t|
008 - DATOS DE LONGITUD FIJA--INFORMACIÓN GENERAL
campo de control de longitud fija 071017s1969 sp ||||1| spa d
017 ## - NÚMERO DE COPYRIGHT O DE DEPÓSITO LEGAL
Número de copyright o de depósito legal M 16536-1969
100 1# - ENTRADA PRINCIPAL--NOMBRE DE PERSONA
Nombre de persona Vergés, Salvador.
9 (RLIN) 114112
245 10 - MENCIÓN DEL TÍTULO
Título Dios revelado por Cristo /
Mención de responsabilidad, etc. por Salvador Vergés, José María Dalmau.
260 ## - PUBLICACIÓN, DISTRIBUCIÓN, ETC.
Lugar de publicación, distribución, etc. Madrid :
Nombre del editor, distribuidor, etc. [La Editorial Católica],
Fecha de publicación, distribución, etc. 1969.
300 ## - DESCRIPCIÓN FÍSICA
Extensión XXIV, 549 p. ;
Dimensiones 20 cm.
490 1# - MENCIÓN DE SERIE
Mención de serie Biblioteca de autores cristianos ;
Designación de volumen o secuencia 292.
Mención de serie Historia Salutis
700 1# - ENTRADA AGREGADA--NOMBRE PERSONAL
Nombre de persona Dalmau, José María.
9 (RLIN) 42515
830 00 - PUNTO DE ACCESO ADICIONAL DE SERIE-TÍTULO UNIFORME
Título uniforme Biblioteca de autores cristianos.
Nombre de parte o sección de la obra Historia salutis
Designación de volumen o secuencia 292.
9 (RLIN) 178685
852 ## - LOCALIZACIÓN
Ubicación ES-MaACL
Número de control de estantería C-52008
Sublocalización o colección R.71772
852 ## - LOCALIZACIÓN
Ubicación ES-MaACL
Número de control de estantería J-286
itemnumber R.46092
Holdings
Estatus retirado Estado de pérdida Estado de daño No para préstamo Biblioteca de origen Biblioteca actual Ubicación en estantería Fecha de adquisición Fuente de adquisición Total de préstamos Signatura topográfica completa Código de barras Visto por última vez Precio de reemplazo Tipo de ítem Koha
        Biblioteca del Ateneo de Madrid Biblioteca del Ateneo de Madrid Depósito 2 12/05/2009     J-286 1179812 23/02/2023 23/02/2023 Libro impreso
        Biblioteca del Ateneo de Madrid Biblioteca del Ateneo de Madrid Depósito 2 17/01/2008     C-52008 1152220 23/02/2023 23/02/2023 Libro impreso